000 00413nam a2200157Ia 4500
008 240729s9999 xx 000 0 und d
022 _a2084-1264
245 0 _aWroclaw Review of Law, Administration and Economics
260 _aPoland
260 _bSciendo
650 _a Law of Europe
650 _aLaw
856 _uhttps://doaj.org/toc/8a97e45466954120bcd7425654fc3748
942 _2ddc
942 _cDOAJEJ
999 _c72029
_d72029
945 _a1
_bMadushi Gamage
_c1
_dMadushi Gamage